<?xml version="1.0" encoding="UTF-8"?>
<record
    xmlns:xsi="http://www.w3.org/2001/XMLSchema-instance"
    xsi:schemaLocation="http://www.loc.gov/MARC21/slim http://www.loc.gov/standards/marcxml/schema/MARC21slim.xsd"
    xmlns="http://www.loc.gov/MARC21/slim">

  <leader>00505nam a22001697a 4500</leader>
  <controlfield tag="005">20260227160153.0</controlfield>
  <controlfield tag="008">260227b        |||||||| |||| 00| 0 eng d</controlfield>
  <datafield tag="020" ind1=" " ind2=" ">
    <subfield code="a"> 978-0-8018-8333-0</subfield>
  </datafield>
  <datafield tag="050" ind1=" " ind2=" ">
    <subfield code="a">JQ 1879 .A5 L56 2006</subfield>
    <subfield code="b">1</subfield>
  </datafield>
  <datafield tag="100" ind1=" " ind2=" ">
    <subfield code="a">LINDBERG,STAFFAN I.</subfield>
  </datafield>
  <datafield tag="245" ind1=" " ind2=" ">
    <subfield code="a">DEMOCRACY AND ELECTIONS IN AFRICA</subfield>
  </datafield>
  <datafield tag="260" ind1=" " ind2=" ">
    <subfield code="a">BALTIMORE,</subfield>
    <subfield code="b">THE JOHNS HOPKINS UNIVERSITY PRESS</subfield>
    <subfield code="c">2006</subfield>
  </datafield>
  <datafield tag="300" ind1=" " ind2=" ">
    <subfield code="a">Xiii,227p;ILL</subfield>
  </datafield>
  <datafield tag="500" ind1=" " ind2=" ">
    <subfield code="a">INCLUDES,BIBLOGRAPHIC REFERENCES ,INDEX</subfield>
  </datafield>
  <datafield tag="650" ind1=" " ind2=" ">
    <subfield code="a">DEMOCRACY</subfield>
  </datafield>
  <datafield tag="942" ind1=" " ind2=" ">
    <subfield code="2">lcc</subfield>
    <subfield code="c">BK</subfield>
  </datafield>
  <datafield tag="999" ind1=" " ind2=" ">
    <subfield code="c">216724</subfield>
    <subfield code="d">216724</subfield>
  </datafield>
  <datafield tag="952" ind1=" " ind2=" ">
    <subfield code="0">0</subfield>
    <subfield code="1">0</subfield>
    <subfield code="2">lcc</subfield>
    <subfield code="4">0</subfield>
    <subfield code="6">JQ1879 A5 L56  02006</subfield>
    <subfield code="7">0</subfield>
    <subfield code="8">ARTS</subfield>
    <subfield code="9">375855</subfield>
    <subfield code="a">KSUL</subfield>
    <subfield code="b">KSUL</subfield>
    <subfield code="c">DISPLAY</subfield>
    <subfield code="d">2026-02-27</subfield>
    <subfield code="i">112078</subfield>
    <subfield code="l">0</subfield>
    <subfield code="o">JQ 1879 .A5 L56 2006</subfield>
    <subfield code="p">A000959</subfield>
    <subfield code="r">2026-02-27 16:05:00</subfield>
    <subfield code="t">1</subfield>
    <subfield code="w">2026-02-27</subfield>
    <subfield code="y">BK</subfield>
  </datafield>
  <datafield tag="952" ind1=" " ind2=" ">
    <subfield code="0">0</subfield>
    <subfield code="1">0</subfield>
    <subfield code="2">lcc</subfield>
    <subfield code="4">0</subfield>
    <subfield code="6">JQ1879 A5 L56  02006</subfield>
    <subfield code="7">0</subfield>
    <subfield code="8">ARTS</subfield>
    <subfield code="9">375856</subfield>
    <subfield code="a">KSUL</subfield>
    <subfield code="b">KSUL</subfield>
    <subfield code="c">DISPLAY</subfield>
    <subfield code="d">2026-02-27</subfield>
    <subfield code="i">112079</subfield>
    <subfield code="l">0</subfield>
    <subfield code="o">JQ 1879 .A5 L56 2006</subfield>
    <subfield code="p">A000960</subfield>
    <subfield code="r">2026-02-27 16:05:00</subfield>
    <subfield code="t">2</subfield>
    <subfield code="w">2026-02-27</subfield>
    <subfield code="y">BK</subfield>
  </datafield>
  <datafield tag="952" ind1=" " ind2=" ">
    <subfield code="0">0</subfield>
    <subfield code="1">0</subfield>
    <subfield code="2">lcc</subfield>
    <subfield code="4">0</subfield>
    <subfield code="6">JQ1879 A5 L56  02006</subfield>
    <subfield code="7">0</subfield>
    <subfield code="8">ARTS</subfield>
    <subfield code="9">375858</subfield>
    <subfield code="a">KSUL</subfield>
    <subfield code="b">KSUL</subfield>
    <subfield code="c">DISPLAY</subfield>
    <subfield code="d">2026-02-27</subfield>
    <subfield code="i">112080</subfield>
    <subfield code="l">0</subfield>
    <subfield code="o">JQ 1879 .A5 L56 2006</subfield>
    <subfield code="p">A000958</subfield>
    <subfield code="r">2026-02-27 16:05:00</subfield>
    <subfield code="t">3</subfield>
    <subfield code="w">2026-02-27</subfield>
    <subfield code="y">BK</subfield>
  </datafield>
</record>
